000 00584nam a22001811c 4500
001 a987666551+[2]
035 _aa987666551
008 170707s2010 gw |||| 000u rus d
100 1 _aManjagin, Vjačeslav G.
_910088
245 0 0 _aOperacija "Belyj Dom" : chazary v russkoj istorii
264 _aMoskva :
_bAlgoritm [u.a.],
_c2010
300 _aS. 191-238 S.
246 1 2 _aChazary : tainstvennyj sled v russkoj istorii. Operacija "Belyj Dom" : chazary v russkoj istorii
_n[2]
773 0 _wa987666551
_q[2]
_aChazary
942 _cMG
040 _cRU-10907106
003 RU-10907106
999 _c43975
_d43975